| 000 | 00505nam a2200157 a 4500 | ||
|---|---|---|---|
| 005 | 20140412111301.0 | ||
| 008 | 001110s19uu xx 00 eng d | ||
| 020 | _a0-528-82758-8 | ||
| 050 |
_aM 822.33 _bMi646 1986 |
||
| 100 | _aMiles, Bernard | ||
| 245 |
_aWell-loved tales from shakespeare / _cBernard Miles ; illustrated by Victor G. Ambus. |
||
| 260 |
_aChicago : _bRand McNally, _c1986. |
||
| 300 | _a125 p. ; col.; ill. | ||
| 650 | _aShakespeare, William, 1564-1616 - Adaptation | ||
| 999 |
_c103393 _d103393 |
||